Bandeiras dos Estados Saparatistas/Independentes não reconhecidos - Statistics

Estatísticas Gerais
  • Esse quiz foi jogado 536 vezes
  • A pontuação média é 10 de 22
Estatísticas das Respostas
Imagem Resposta % Correto
Taiwan
98%
Kosovo
89%
Palestina
79%
Polinésia Francesa
65%
Chipre do Norte
61%
Nova Caledônia
61%
Catalunha
56%
Saara Ocidental
55%
Abecásia
49%
Transnistria
49%
Somalilândia
47%
Tibete
43%
Ossetia do Sul
41%
Artsaque
39%
Curdistão
39%
Quebec
37%
País Basco
33%
Crimeia
26%
Donetsk
17%
Chechênia
11%
Turquestão
11%
Mapuche
9%
Nenhum quiz correspondente encontrado
Distribuição das Pontuações
Porcentagem de Pessoas com Cada Pontuação
Percentil de Números Respondidos
Sua Pontuação Histórica
Você não jogou esse quiz